| 000 | 00346nam a2200145 i 4500 | ||
|---|---|---|---|
| 001 | bg | ||
| 100 | 1 | _aWROCZYŃSKI, Ryszard | |
| 245 | 1 | 0 |
_aDzieje oświaty polskiej 1795-1945 / _cRyszard Wroczyński. |
| 260 |
_aWarszawa, _c1980. |
||
| 040 | _cBPK | ||
| 041 | _apol | ||
| 080 | _a37 | ||
| 942 | _cKS | ||
| 008 | s pl f |000 0 pol | ||
| 999 |
_c19275 _d19275 |
||
| 856 |
_uhttp://koha.tu.koszalin.pl/cgi-bin/koha/opac-detail.pl?biblionumber=19275 _yKatalog online BPK |
||